[Event "Murmansk ChessMates 4th"]
[Site "Murmansk"]
[Date "2020.03.14"]
[Round "4.3"]
[White "Mamoshin, Oleg"]
[Black "Timoshenko, Fedor"]
[Result "1-0"]
[WhiteElo "1648"]
[BlackElo "1621"]
[PlyCount "57"]
[EventDate "2020.03.13"]
[EventType "team-tourn"]
[EventRounds "5"]
[EventCountry "RUS"]
[SourceTitle "CBM 195 Extra"]
[Source "ChessBase"]
[SourceDate "2020.05.31"]
[SourceVersion "1"]
[SourceVersionDate "2020.05.31"]
[SourceQuality "1"]
[WhiteTeam "Novorossiysk"]
[BlackTeam "Ireland Youth"]
[WhiteTeamCountry "RUS"]
[BlackTeamCountry "IRL"]

1. e4 e5 2. Nf3 Nc6 3. Bb5 Nf6 4. d3 Be7 5. Bxc6 dxc6 6. Nxe5 0-0 7. 0-0 Re8 8. Nf3 Bg4 9. h3 Bh5 10. Bf4 Qd7 11. Nbd2 Rad8 12. Re1 Bb4 13. c3 Bc5 14. d4 Bb6 15. Bg5 Rc8 16. Bxf6 gxf6 17. Nc4 Kh8 18. Nxb6 axb6 19. Qd3 Rg8 20. Kh2 Qd6+ 21. Kh1 Rcd8 22. Qe3 Rde8 23. Nh4 Qd7 24. Qf4 Re6 25. Re3 Rg5 26. Nf5 Qd8 27. g4 Bg6 28. h4 Bxf5 29. gxf5 1-0